Estadísticas para Estaciones de subte de Buenos Aires - con mapa

Haz click aquí para intentar la prueba.

Estadísticas generales

  • Esta prueba ha sido intentada 740 veces
  • La puntuación promedio es 56 de 87

Respuestas en el mapa

Las respuestas están codificadas por una escala verde-roja en el mapa de la prueba según el % correcto abajo.
 

Estadísticas de respuestas

% Correcto
ACongreso
91%
DCongreso de Tucumán
91%
CConstitución
88%
CRetiro
88%
DPalermo
85%
APlaza Miserere
85%
APlaza de Mayo
84%
DPueyrredón
83%
BPueyrredón
83%
D9 de julio
82%
DCallao
81%
BCallao
81%
HHospitales
81%
DCatedral
80%
DFacultad de Medicina
80%
BLeandro N. Alem
79%
HFacultad de Derecho
78%
DPlaza Italia
78%
BJuan Manuel de Rosas
76%
HOnce
75%
BCarlos Gardel
74%
HCorrientes
74%
ASan Pedrito
74%
HSanta Fe
72%
HCórdoba
71%
APerú
70%
ASan José de Flores
70%
CGral. San Martín
69%
EIndependencia
69%
CIndependencia
69%
DAgüero
68%
DBulnes
68%
ALima
68%
DJuramento
67%
APuan
66%
BDe los Incas - Parque Chas
65%
BFlorida
65%
BUruguay
65%
CDiagonal Norte
64%
HLas Heras
64%
DMinistro Carranza
64%
DOlleros
64%
DTribunales
64%
ARio de Janeiro
63%
CSan Juan
63%
DScalabrini Ortiz
63%
BÁngel Gallardo
62%
CAvenida de Mayo
62%
EBelgrano
61%
ACarabobo
61%
APasco
61%
APrimera Junta
61%
AAlberti
60%
BCarlos Pellegrini
60%
BPasteur - AMIA
60%
BFederico Lacroze
59%
DJosé Hernández
59%
EJosé María Moreno
59%
BMalabia - Osvaldo Pugliese
59%
BMedrano
59%
EPlaza de los Virreyes
59%
AAcoyte
58%
HParque Patricios
58%
APiedras
58%
BTronador - Villa Ortúzar
58%
BDorrego
57%
HVenezuela
57%
CMoreno
55%
CLavalle
54%
EEntre Ríos
53%
EJujuy
53%
EBoedo
52%
ACastro Barros
52%
EBolívar
51%
BEcheverría
51%
HHumberto I
51%
ESan José
51%
ASáenz Peña
50%
EAvenida La Plata
49%
ALoria
49%
EMedalla Milagrosa
48%
EGral. Urquiza
46%
HCaseros
45%
HInclán
44%
EPichincha
40%
EEmilio Mitre
36%
EVarela
34%

Distribución de puntuación

Porcentaje por número respondido

Porcentaje de gente con cada puntuación

Historial de tus puntuaciones

No has intentado esta prueba.